MARC

LEADER 00000nam^a2200000^a^4500
001 000156275
005 20250521000000.0
009 20260310100457.745
020 |a 970-690-983-4 
037 |a Acervo ITESO - Biblioteca 
041 |a ESP 
082 |a 370. 972  |b AND 
100 |a Andere, Eduardo  |e (autor) 
240 1 4 |a [La educación en México: un fracaso monumental: ¿está México en riesgo?] 
245 1 3 |a La educación en México :  |b un fracaso monumental : ¿está México en riesgo? /  |c E. Andere M ; pról. de J. Silva-Herzog Márquez. 
264 4 |a México :  |b Planeta,  |c 2003, c2003 
300 |a 224 p. 
336 |a texto  |b txt  |2 rdacontenido 
337 |a sin mediación  |b n  |2 rdamedio 
338 |a volumen  |b nc  |2 rdasoporte 
440 1 |a (Temas de Hoy Planeta) 
649 |a XX 
650 |a Analfabetismo -  |z México 
650 |a Rezago Educativo -  |z México 
650 |a Deserción Escolar -  |z México -  |x Aspectos Sociales y Culturales 
650 |a Eficiencia Terminal -  |z México 
650 |a Competencias (Educación) -  |z México 
650 |a Calidad de la Educación -  |z México 
650 |a Evaluación Educativa -  |z México 
650 |a Financiamiento de la Educación -  |z México 
650 |a Recursos Educacionales -  |z México 
650 |a Marginación -  |z México 
650 |a Pobreza -  |z México 
650 |a Calidad de Vida -  |z México 
650 |a Competitividad -  |z México 
650 |a Desarrollo Económico-Social -  |z México 
650 |a Problemas Sociales -  |z México 
650 |a Política Educativa -  |z México 
650 |a Educación y Estado -  |z México 
650 |a Educación y Sociedad -  |z México 
650 |a Educación Primaria -  |z México 
650 |a Educación Pública -  |z México 
650 |a Educación Privada -  |z México 
650 |a Educación Formal -  |z México 
650 |a Educación Obligatoria -  |z México 
650 |a Educación -  |z México -  |x Historia 
650 |a Sociología de la Educación 
650 |a México -  |x Condiciones Sociales y Culturales 
650 |a México -  |x Condiciones Políticas 
700 |a Silva Herzog Márquez, Jesús  |e (prólogo) 
910 |a Fondo General 
920 |a Impresos - Libros 
930 |a Colección General 
905 |a 101 
901 |a 0500322186  |b IT1  |c ACC  |i C80814  |u 20250521 
902 |a https://opac.biblio.iteso.mx/vufind/Record/000156275